000 00969nam a2200253Ia 4500
003 OSt
005 20220923223227.0
006 a|||||r|||| 00| 0
007 ta
008 220922b |||||||| |||| 00| 0 hin d
024 _a212,336
037 _cTextual
040 _aARTS
_cARTS
_bhin
041 _2hin
_ahin
082 _aO152,3N212:g, N4
100 _aअशोक वामनराव धुलधुले
_9167283
245 0 _aफणीश्वरनाथ रेणु उपन्यासो का शिल्पगत अध्ययन
246 _aFaṇīshvaranāth reṇu upanyāso kā shilpagat adhyayana
260 _aकानपुर-देहात
_b अक्षय प्रका0
_c1994
300 _a94पृ.
_ccm.
650 _aहिन्दी साहित्य
_9156264
942 _hO152,3N212:g, N4
_cTEXL
_2CC
999 _c362610
_d362610